Sermones Thesauri novi de tempore

Podrobná bibliografia
Hlavný autor: Petrus, de Palude, asi 1278-1342 (Autor)
Ďalší autori: Flach, Martin, starší, asi 1440-asi 1514 (Tlačiar)
Médium: Kniha
Jazyk:latinčina
Fyzický popis:a-y6, 316 fólií 4° (25x19 cm)
Vydavateľské údaje: Argentine per Martinum flach Anno domini.M.cccc.xciij (1493)
Predmet:

MARC

LEADER 00000nam a2200000 4500
001 vtls012055474
003 SK-MaSNL
005 20260302015005.0
008 251112s1493 fr 001 0 lat
015 |a SNBHFA 
038 |a SNKHF 
040 |a SNK  |b slo  |c SNK  |e rda 
041 0 |a lat 
044 |a fr  |c FR 
072 7 |a 27-46/-48  |x Pastorálna teológia  |2 konspekt 
080 |a 27-46  |2 2011 
080 |a 82"04/14"  |2 2011 
100 1 |a Petrus, de Palude,  |d asi 1278-1342  |4 aut  |9 660233 
245 1 0 |a Sermones Thesauri novi de tempore 
264 1 |a Argentine  |b per Martinum flach  |c Anno domini.M.cccc.xciij (1493) 
300 |a a-y6, 316 fólií  |c 4° (25x19 cm) 
336 |a text  |b txt  |2 rdacontent 
337 |a bez média  |b n  |2 rdamedia 
338 |b zväzok  |b nc  |2 rdacarier 
500 |a Živé záhlavie, text radený v dvoch sĺpcoch 
510 4 |a Kotvan  |c 1080 
510 4 |a Kotvan - Frimmová  |c 452 
510 4 |a ISTC  |c ip00525000 
510 4 |a GW  |c M41784 
546 |a Latinčina 
561 |a Proveniencia: na titulnom liste rukopisný posesorský záznam: Loci Capucinorum Pruggi. Slovo Pruggi je prečiarknuté a prepísané inou rukou Posonij 1784.  |5 SNK Inc C 131 
561 |a Proveniencia: Na titulnom liste pečať: Sigil. Capucinorum Conventus Posoniensis.  |5 SNK Inc C 131 
561 |a Tlač bola do roku 1975 uložená v Miestnom pracovisku MS v Bratislave, kde mala signatúru Inc 148.  |5 SNK Inc C 131 
562 |a Iniciálky realizované červenou farbou.  |5 SNK Inc C 131 
562 |a V texte početné rukopisné marginálie v latinčine.  |5 SNK Inc C 131 
563 |a Väzba: polopergamenová väzba novšieho vyhotovenia. Rohy a chrbát z pergamenu.  |5 SNK Inc C 131 
650 0 7 |a stredoveká literatúra  |2 SNKPH  |9 68789 
700 1 |a Flach, Martin,  |c starší,  |d asi 1440-asi 1514  |4 prt  |9 200139 
710 2 |a Kapucíni (Bruck an der Leitha, Rakúsko)  |4 fmo  |9 339427 
710 2 |a Kapucíni (Bratislava, Slovensko),  |d 1709-  |4 fmo  |9 339188 
752 |a Francúzsko  |d Štrasburg 
852 |a snk  |b Historické fondy  |p Inc C 131 
958 |a ONDV 
999 |c 1019176  |d 1021106 
952 |t Inc C 131  |a SNK  |b SNK  |c SNK_HF  |y PREZ  |7 0  |p 17A1397617  |o snkInc C 131  |i snk1976/1123  |8 5  |0 0  |1 0  |4 0  |d 2021-05-25  |f 1  |l 0  |r 2026-02-24 13:19:07  |w 2026-02-24